|
|
|
|
| LEADER |
00000nam0a2200000 4500 |
| 001 |
42150 |
| 005 |
20231101210730.0 |
| 010 |
|
|
|a 5893491629
|
| 010 |
|
|
|a 5-02-002770-7
|
| 035 |
|
|
|a (RuTPU)RU\TPU\book\43336
|
| 090 |
|
|
|a 42150
|
| 100 |
|
|
|a 20020802d2002 m y0rusy50 ca
|
| 101 |
0 |
|
|a rus
|
| 102 |
|
|
|a RU
|
| 105 |
|
|
|a y j 001zy
|
| 200 |
1 |
|
|a От конспекта к диссертации
|e учебное пособие по развитию навыков письменной речи
|f Н. И. Колесникова
|
| 210 |
|
|
|a Москва
|c Флинта
|c Наука
|d 2002
|
| 215 |
|
|
|a 288 с.
|
| 318 |
|
|
|5 63413507
|a От аспиранта к профессору
|b выставка
|
| 320 |
|
|
|a Библиогр. в конце глав.
|
| 320 |
|
|
|a Словарь-минимум: с. 254-256.
|
| 330 |
|
|
|a Учебное пособие развивает умение создавать собственные и вторичные научные тексты (тезисы, конспект, аннотация, реферат, курсовая и дипломная работы, диссертация). Автор предлагает систему заданий, направленных на практическое овладение этими жанрами научной речи. Для студентов, аспирантов и преподавателей.
|
| 606 |
1 |
|
|a Русский язык
|x Учебные руководства и пособия для вузов
|x Пособия по стилистике и переводу
|2 stltpush
|3 (RuTPU)RU\TPU\subj\74662
|9 86753
|
| 610 |
1 |
|
|a письменная речь
|
| 610 |
1 |
|
|a научные тексты
|
| 610 |
1 |
|
|a составление
|
| 610 |
1 |
|
|a тезисы
|
| 610 |
1 |
|
|a конспекты
|
| 610 |
1 |
|
|a рефераты
|
| 610 |
1 |
|
|a аннотации
|
| 610 |
1 |
|
|a диссертации
|
| 610 |
1 |
|
|a дипломные работы
|
| 610 |
1 |
|
|a курсовые работы
|
| 610 |
1 |
|
|a учебные пособия
|
| 686 |
|
|
|a Ш141.2-923.7
|v LBC/SL-A
|2 rubbk
|
| 700 |
|
1 |
|a Колесникова
|b Н. И.
|g Наталия Ивановна
|
| 801 |
|
1 |
|a RU
|b 63413507
|c 20020802
|g PSBO
|
| 801 |
|
2 |
|a RU
|b 63413507
|c 20160824
|g PSBO
|
| 942 |
|
|
|c BK
|